Boletim Informativo da Secretaria de Estado da Educação - ES (Registro n. 708)

Detalhes MARC
000 -LEADER
fixed length control field 00737nas a22002057a 4500
005 - DATE AND TIME OF LATEST TRANSACTION
control field 20260525145337.0
008 - FIXED-LENGTH DATA ELEMENTS--GENERAL INFORMATION
fixed length control field 260525b19801982pormr|p| ||||s00| z por|d
040 ## - CATALOGING SOURCE
Transcribing agency BR-ViAPE
245 ## - TITLE STATEMENT
Title Boletim Informativo da Secretaria de Estado da Educação - ES
260 ## - PUBLICATION, DISTRIBUTION, ETC.
Place of publication, distribution, etc. Vitória
Name of publisher, distributor, etc. Secretaria Estadual de Educação - ES
Date of publication, distribution, etc. 1980-1982
300 ## - PHYSICAL DESCRIPTION
Extent v.
Other physical details il.
310 ## - CURRENT PUBLICATION FREQUENCY
Current publication frequency Mensal
362 ## - DATES OF PUBLICATION AND/OR SEQUENTIAL DESIGNATION
Dates of publication and/or sequential designation Ano 1, n. 1 (mar. 1980) - ano 3, n. 19 (jan. 1982).
500 ## - GENERAL NOTE
General note Coleção incompleta: disponíveis apenas alguns números do periódico.
650 ## - SUBJECT ADDED ENTRY--TOPICAL TERM
Source of heading or term Ensino
General subdivision Pedagogia
-- Educação
Geographic subdivision Espírito Santo
651 ## - SUBJECT ADDED ENTRY--GEOGRAPHIC NAME
Geographic name Espírito Santo (Brasil)
Form subdivision Periódicos
710 ## - ADDED ENTRY--CORPORATE NAME
Corporate name or jurisdiction name as entry element Secretaria Estadual de Educação - ES
942 ## - ADDED ENTRY ELEMENTS (KOHA)
Source of classification or shelving scheme Dewey Decimal Classification
Koha item type Periódicos
Suppress in OPAC Yes
Exemplares
Withdrawn status Lost status Source of classification or shelving scheme Damaged status Not for loan Home library Current library Date acquired Total checkouts Date last seen Price effective from Koha item type
    Dewey Decimal Classification     Hemeroteca Digital do Arquivo Público do Estado do Espírito Santo Hemeroteca Digital do Arquivo Público do Estado do Espírito Santo 05/25/2026   05/25/2026 05/25/2026 Periódicos